Missing Word: Song Titles in Lyrics Quiz Stats

Quiz Updated Mar 7, 2016

Challenge
Share
Tweet
Embed
Score 0/16 Timer 04:00
1 Play Today
Lyric Missing Word % Correct
I got the eye of the tiger, the fire / Dancing through the fire / 'Cause I am a champion / And you're gonna hear me ________.Roar
92.8%
Do you ________ in life after love?Believe
89.8%
Don't go chasing ________ / Please stick to the rivers and the lakes that you're used to.Waterfalls
75.5%
And we'll never be ________ / It don't run in our blood / That kind of luxe just ain't for us.Royals
75.4%
I'd catch a ________ for you / Throw my hand on a blade for you.Grenade
74.7%
'Cause we gon' rock this club / We gon' go all night / We gon' light it up / Like it's ________.Dynamite
66%
Welcome to the new age, to the new age / Whoa oh oh, whoa oh / I'm ________, ________.Radioactive
61.3%
But I'm a ________ / I'm a weirdo / What the hell am I doing here?Creep
55.5%
Lyric Missing Word % Correct
Whoa, Milo, come on, come on, let's go / Lose your blues, everybody cut ________.Footloose
52.5%
I ain't the worst that you've seen / Oh, can't you see what I mean? / Might as well ________. ________!Jump
50.4%
I'll keep you by my side with my superhuman might / ________.Kryptonite
49.8%
Come on, ________ / Let your body move to the music / Hey, hey, hey.Vogue
46.1%
When you believe in things that you don't understand / Then you suffer: ________ ain't the way.Superstition
44%
And when the ________ comes, I'll have to go / But tonight I'm gonna hold you so close.Daylight
43.7%
You'd have me down, down, down, down on my knees / Now wouldn't you? ________.Barracuda
34.9%
Sweet, sweet ________ baby / When I close my eyes, you come and you take me.Fantasy
18.8%

Today's Daily Dose

Missing Word
1971 Movies A-Z

Word Ladder
Complete Tour

Quick Pick
Logo Colors

On This Day
January 19th

You're not logged in!

Compare scores with friends on all Sporcle quizzes.
Sign Up with Email
OR
Log In

You Might Also Like...

Show Comments

Extras

Top Quizzes Today


Score Distribution

Your Account Isn't Verified!

In order to create a playlist on Sporcle, you need to verify the email address you used during registration. Go to your Sporcle Settings to finish the process.